The Japanese market
Kaydedildi:
| Müşterek Yazar: | |
|---|---|
| Materyal Türü: | Kitap |
| Dil: | Undetermined |
| Baskı/Yayın Bilgisi: |
England
Westerham Press
1972
|
| Konular: | |
| Etiketler: |
Etiketle
Etiket eklenmemiş, İlk siz ekleyin!
|
| Thư viện lưu trữ: | Trung tâm Học liệu Trường Đại học Cần Thơ |
|---|
| LEADER | 00482nam a2200193Ia 4500 | ||
|---|---|---|---|
| 001 | CTU_87803 | ||
| 008 | 210402s9999 xx 000 0 und d | ||
| 082 | |a 380.1 | ||
| 082 | |b J35 | ||
| 110 | |a Japan Air Lines | ||
| 245 | 4 | |a The Japanese market | |
| 245 | 0 | |c Japan Air Lines | |
| 260 | |a England | ||
| 260 | |b Westerham Press | ||
| 260 | |c 1972 | ||
| 650 | |a Markets | ||
| 650 | |x Japan | ||
| 904 | |i Trọng Hiếu | ||
| 980 | |a Trung tâm Học liệu Trường Đại học Cần Thơ | ||